| 000 | 01050pam a2200325 a 4500 | ||
|---|---|---|---|
| 001 | 015743324 | ||
| 003 | EG-ScBUE | ||
| 005 | 20220321121112.0 | ||
| 008 | 110125s2011 enk f 000 1 eng d | ||
| 020 | _a0099528835 (pbk.) | ||
| 020 | _a9780099528838 (pbk.) | ||
| 040 |
_aEG-ScBUE _beng _erda _cEG-ScBUE _dEG-ScBUE |
||
| 041 | 1 |
_aeng _hfre |
|
| 082 | 0 | 4 |
_a843.7 _222 _bDUM |
| 100 | 1 |
_aDumas, Alexandre, _d1802-1870, _eauthor. _929799 |
|
| 245 | 1 | 4 |
_aThe three musketeers / _cAlexandre Dumas. |
| 264 | 1 |
_aLondon : _bVintage Books, _c2011. |
|
| 300 |
_a625 pages ; _c20 cm. |
||
| 336 |
_2rdacontent _atext _btxt |
||
| 337 |
_2rdamedia _aunmediated _bn |
||
| 338 |
_2rdacarrier _avolume _bnc |
||
| 490 | 0 | _aVintage classics | |
| 546 | _aTranslated from the French. | ||
| 650 | _2BUEsh | ||
| 651 | 7 |
_aFrance _xHistory _yLouis XIII, 1610-1643 _vFiction. _929800 _2BUEsh |
|
| 651 | 7 |
_aFrance _xSocial conditions _y17th century _vFiction. _929801 _2BUEsh |
|
| 653 |
_cMay2012 _bHHUUEENN |
||
| 655 | 0 |
_aHistorical fiction. _vReading book |
|
| 942 |
_2ddc _cBB |
||
| 999 |
_c16705 _d16705 |
||